[Event "Indywidualne Mistrzostwa Polski Juniorow Mlodszych do 14 lat OOM Podlaskie 2015 "]
[Site "Suwalki"]
[Date "1899-12-30"]
[Round "9.3"]
[White "Chylewski, Patryk"]
[Black "Kubiak, Jakub"]
[Result "1/2-1/2"]
[WhiteTitle "I++"]
[BlackTitle "I"]
[WhiteElo "2036"]
[BlackElo "1753"]

1. e4 c5 2. Nf3 d6 3. d4 cxd4 4. Nxd4 Nf6 5. Nc3 a6 6. Bg5 e6 7. f4 h6 8. Bh4 Qb6
9. a3 Be7 10. Bf2 Qc7 11. Qf3 Nbd7 12. O-O-O b5 13. f5 Ne5 14. Qh3 exf5 15. exf5
Bb7 16. Bh4 O-O-O 17. Be2 Kb8 18. Kb1 Rc8 19. Rhe1 Ne4 20. Nxe4 Bxe4 21. Bxe7
Qxe7 22. Qe3 Qb7 23. Bf1 d5 24. Bd3 Qc7 25. Bxe4 Nc4 26. Qg3 Qxg3 27. hxg3 dxe4
28. Rxe4 Rhe8 29. Rxe8 Rxe8 30. b3 Nb6 31. f6 g6 32. Rh1 h5 33. g4 Re4 34. gxh5
Rxd4 35. hxg6 fxg6 36. Rh8+ Kc7 37. f7 Nd7 38. f8=Q Nxf8 39. Rxf8 Rg4 40. Rf2
Rg3 41. Rd2 Kc6 42. Kc1 a5 43. Kb2 Kc5 44. c3 g5 45. Rf2 Kc6 46. a4 bxa4 47. bxa4
Rg4 48. Kb3 Kc5 49. Rf5+ Kb6 50. Rf6+ Kb7 51. Rf2 Kc6 52. Re2 Kb6 53. Re6+ Kb7
54. Re7+ Kb6 55. Re6+ Kb7 56. Re7+ Kb6 1/2-1/2

[Event "Indywidualne Mistrzostwa Polski Juniorow Mlodszych do 14 lat OOM Podlaskie 2015 "]
[Site "Suwalki"]
[Date "1899-12-30"]
[Round "9.4"]
[White "Woloch, Oskar"]
[Black "Wyczling, Bartosz"]
[Result "1/2-1/2"]
[WhiteTitle "k"]
[BlackTitle "I"]
[WhiteElo "2110"]
[BlackElo "1926"]

1. e4 c5 2. Nc3 e6 3. f4 Nc6 4. Nf3 Nge7 5. Bb5 d5 6. exd5 exd5 7. Qe2 a6 8. Bxc6+
bxc6 9. O-O Bg4 10. b3 g6 11. Ba3 Qa5 12. Na4 Bg7 13. Rae1 Bf6 14. Bxc5 O-O 15.
h3 Be6 16. Qf2 Rfe8 17. Bd4 Bxd4 18. Nxd4 Bd7 19. Nf3 Rad8 20. Ne5 Be6 21. Nc5
Qb5 22. a4 Qb6 23. Nxe6 Qxf2+ 24. Rxf2 fxe6 25. Rfe2 Nf5 26. Nf3 Rd6 27. Kf2 c5
28. Re5 Ng7 29. g4 Rc8 30. Ke3 a5 31. d3 Rc7 32. Nd2 Rb6 33. Rf1 Rc8 34. Rg1 Kf7
35. Rd1 Rc7 36. Ke2 Rc8 37. Re3 Rb4 38. Rf1 Kg8 39. Rg3 Rf8 40. Ke3 Rb7 41. Nf3
Rc7 42. Ne5 Ra7 43. Rgf3 Rc7 44. R3f2 Rb8 45. Kd2 Rb4 46. Ke3 Rb8 47. Rg1 Kf8
48. Rh1 Ke7 49. Rd1 Rbc8 50. Kd2 Rf8 51. Rdf1 Kd6 52. h4 Rb7 53. Ke3 Rc7 54. d4
Rfc8 55. dxc5+ Rxc5 56. c4 Rb8 57. Rb1 Rc7 58. Kd4 h5 59. f5 gxf5 60. gxh5 Rb4
61. Rfb2 Nxh5 62. Nd3 1/2-1/2

[Event "Indywidualne Mistrzostwa Polski Juniorow Mlodszych do 14 lat OOM Podlaskie 2015 "]
[Site "Suwalki"]
[Date "1899-12-30"]
[Round "9.5"]
[White "Lis, Mateusz"]
[Black "Garbowski, Jakub"]
[Result "0-1"]
[WhiteTitle "I"]
[BlackTitle "I+"]
[WhiteElo "1926"]
[BlackElo "1964"]

1. e4 c5 2. Nf3 e6 3. d4 cxd4 4. Nxd4 Nf6 5. Nc3 d6 6. Be2 a6 7. a4 Qc7 8. O-O
b6 9. Be3 Bb7 10. f3 Be7 11. Qe1 d5 12. exd5 Nxd5 13. Nxd5 Bxd5 14. Qf2 O-O 15.
c4 Bb7 16. Rac1 Nd7 17. Rfd1 Rac8 18. b3 Rfd8 19. Bd3 Nc5 20. Bb1 Bf6 21. Qc2
g6 22. b4 Nd7 23. Qf2 Qb8 24. Nb3 Bc6 25. b5 axb5 26. cxb5 Bd5 27. Nd4 Nc5 28.
Nc6 Bxc6 29. Rxd8+ Rxd8 30. bxc6 Qc7 31. a5 Qxc6 32. axb6 Be7 33. b7 Qxb7 34.
Bxc5 Rc8 35. Be4 Qc7 36. Kh1 Bxc5 37. Qe2 Qd6 38. Qd3 Qf4 39. Qc2 Rc7 40. g3 Qe5
41. Qg2 f5 42. Ba8 Bb6 43. Rf1 Qe3 44. h4 e5 45. Bd5+ Kg7 46. f4 e4 47. g4 Rc1
48. Qb2+ Rc3 49. gxf5 Qh3+ 0-1

[Event "Indywidualne Mistrzostwa Polski Juniorow Mlodszych do 14 lat OOM Podlaskie 2015 "]
[Site "Suwalki"]
[Date "1899-12-30"]
[Round "9.6"]
[White "Miszkielo, Bartosz"]
[Black "Raczynski, Krzysztof"]
[Result "0-1"]
[WhiteTitle "I"]
[BlackTitle "I+"]
[WhiteElo "1823"]
[BlackElo "1758"]

1. e4 c5 2. Nf3 d6 3. d4 cxd4 4. Nxd4 Nf6 5. Nc3 a6 6. Be2 e5 7. Nb3 Be7 8. Be3
Be6 9. Qd3 Nbd7 10. Nd5 Bxd5 11. exd5 Rc8 12. c3 O-O 13. g4 Nb6 14. Bxb6 Qxb6
15. g5 Nd7 16. Qf5 Nc5 17. Nxc5 Rxc5 18. O-O-O Qa5 19. Kb1 Rxd5 20. h4 Rxd1+ 21.
Bxd1 Qd8 22. Bc2 g6 23. Qf3 Qd7 24. Qd5 Qc6 25. Qd1 f6 26. Bb3+ Kg7 27. Bd5 Qd7
28. Rg1 fxg5 29. hxg5 Rxf2 30. Qe1 Rf4 31. Be4 b5 32. Qe2 Qa7 33. Bd5 Qxg1+ 0-1

[Event "Indywidualne Mistrzostwa Polski Juniorow Mlodszych do 14 lat OOM Podlaskie 2015 "]
[Site "Suwalki"]
[Date "1899-12-30"]
[Round "9.7"]
[White "Poplawski, Maciej"]
[Black "Psyk, Radoslaw"]
[Result "1-0"]
[WhiteTitle "I"]
[BlackTitle "k"]
[WhiteElo "1737"]
[BlackElo "2230"]

1. d4 Nf6 2. Nf3 e6 3. Bg5 c5 4. c3 d5 5. Nbd2 cxd4 6. cxd4 Be7 7. e3 O-O 8. Bd3
Nc6 9. Rc1 Bd7 10. O-O Nb4 11. Bb1 Bb5 12. Re1 Nd3 13. Bxd3 Bxd3 14. Nb3 Bf5 15.
Qe2 Ne4 16. Bf4 Bd6 17. Bxd6 Qxd6 18. Nh4 Rac8 19. Nxf5 exf5 20. f3 Nf6 21. Nc5
b6 22. Nd3 Nd7 23. Qd2 Rxc1 24. Rxc1 Rc8 25. g3 g5 26. Re1 h6 27. Kg2 Kg7 28.
h3 f6 29. Kf2 h5 30. f4 Kf7 31. Qe2 g4 32. Rh1 Qe6 33. hxg4 hxg4 34. Nc1 Qe4 35.
Rh7+ Kg6 36. Rxd7 Rh8 37. Ke1 Rh1+ 38. Kd2 Rg1 39. Qb5 Qh1 40. Nd3 Rb1 41. Rxa7
Qh2+ 42. Kc3 Qh8 43. Qxd5 Qc8+ 44. Kb3 Qe8 45. e4 fxe4 46. Ne5+ Kh6 47. Nxg4+
Kg6 48. Ra8 Qf7 49. Rg8+ Qg7 50. Rxg7+ Kxg7 51. Qd7+ 1-0

[Event "Indywidualne Mistrzostwa Polski Juniorow Mlodszych do 14 lat OOM Podlaskie 2015 "]
[Site "Suwalki"]
[Date "1899-12-30"]
[Round "9.8"]
[White "Kokoszczynski, Jan"]
[Black "Lukasiewicz, Krzysztof"]
[Result "1-0"]
[WhiteTitle "I+"]
[BlackTitle "I++"]
[WhiteElo "1906"]
[BlackElo "2079"]

1. e4 Nf6 2. e5 Nd5 3. d4 d6 4. Bc4 Nb6 5. Bb3 Bf5 6. Nf3 e6 7. O-O Be7 8. c3 O-O
9. Re1 Nc6 10. Nbd2 dxe5 11. dxe5 Nd7 12. Bc2 Bxc2 13. Qxc2 Nc5 14. Nb3 Qd3 15.
Qe2 Rfd8 16. Be3 Qxe2 17. Rxe2 Nd3 18. Bd4 Nxd4 19. cxd4 Rd7 20. Rd1 Nb4 21. a3
Nc6 22. Red2 Rad8 23. Kf1 Kf8 24. Ke2 Rd5 25. Na1 h6 26. Nc2 a5 27. Ne3 Rb5 28.
g3 Bg5 29. Nxg5 hxg5 30. f4 gxf4 31. gxf4 Ne7 32. Rc1 Rd7 33. Rcd1 Nd5 34. Nxd5
Rdxd5 35. Rc1 c6 36. Rc3 Ke7 37. Ke3 Rd8 38. Rg2 g6 39. Ke4 Rbd5 40. Rd3 Rh8 41.
Rb3 Rd7 42. Rc3 Rh4 43. b4 axb4 44. axb4 Rh8 45. Ra3 Rhd8 46. Rd2 Rd5 47. Ra4
Rh8 48. Rc2 Rh4 49. Ra7 Rb5 50. Rxc6 Rxb4 51. Rc7+ Kf8 52. Raxb7 Rxb7 53. Rxb7
g5 54. Rb2 Rxf4+ 55. Ke3 Kg7 56. Rd2 Kg6 57. Rb2 Kf5 58. Rg2 Rf1 59. Rf2+ Kg4
60. Rg2+ Kh4 61. Ke2 Rf4 62. Ke3 Rf1 63. Ke2 Rb1 64. Ke3 Rb3+ 65. Ke4 g4 66. Rf2
Kh3 67. Rxf7 Kxh2 68. Rf6 Rb6 69. Kf4 g3 70. Rh6+ Kg2 71. Rg6 Rb4 72. Rxg3+ Kf2
73. Rg6 Rxd4+ 74. Kg5 Re4 75. Rxe6 Ke3 76. Re8 Kd4 77. Kf5 Rh4 78. Rd8+ Kc5 79.
e6 Rh5+ 80. Kg6 Re5 81. Kf6 Re1 82. e7 Rf1+ 83. Kg5 Rg1+ 84. Kf4 Rf1+ 85. Kg3
1-0

[Event "Indywidualne Mistrzostwa Polski Juniorow Mlodszych do 14 lat OOM Podlaskie 2015 "]
[Site "Suwalki"]
[Date "1899-12-30"]
[Round "9.9"]
[White "Sernecki, Franciszek"]
[Black "Laszczak, Przemyslaw"]
[Result "1-0"]
[WhiteTitle "I"]
[BlackTitle "I"]
[WhiteElo "1998"]
[BlackElo "1930"]

1. e4 c6 2. d4 d5 3. Nc3 dxe4 4. Nxe4 Bf5 5. Ng3 Bg6 6. h4 h6 7. Nf3 Nd7 8. h5
Bh7 9. Bd3 Bxd3 10. Qxd3 e6 11. Be3 Ngf6 12. O-O-O Be7 13. Kb1 O-O 14. Ne4 Nxe4
15. Qxe4 Nf6 16. Qh4 Nd5 17. Qh3 Nxe3 18. fxe3 a5 19. c4 Bf6 20. g4 Bg5 21. Ne5
a4 22. Qf3 a3 23. b3 Qf6 24. Rhf1 Qxf3 25. Rxf3 f6 26. Nd7 Rfe8 27. e4 Rad8 28.
Nc5 b6 29. Na4 Rd6 30. Rfd3 Red8 31. Kc2 b5 32. Nb6 e5 33. dxe5 Rxd3 34. Rxd3
fxe5 35. cxb5 cxb5 36. Rxd8+ Bxd8 37. Nd5 Kf7 38. b4 Bg5 39. Nc7 Be3 40. Nxb5
Kf6 41. Nxa3 Kg5 42. Nc4 Bd4 43. Nd6 Kxg4 44. Nf5 Ba7 45. Nxg7 Kf4 46. Kd3 Kg5
47. a4 Kf6 48. Nf5 Kg5 49. a5 Kxh5 50. b5 Kg4 51. b6 Bb8 52. a6 1-0

[Event "Indywidualne Mistrzostwa Polski Juniorow Mlodszych do 14 lat OOM Podlaskie 2015 "]
[Site "Suwalki"]
[Date "1899-12-30"]
[Round "9.10"]
[White "Brozyna, Mateusz"]
[Black "Jarzebowski, Kacper"]
[Result "1/2-1/2"]
[WhiteTitle "II"]
[BlackTitle "I"]
[WhiteElo "1641"]
[BlackElo "1660"]

1. c4 e5 2. Nc3 Nc6 3. g3 Nf6 4. Bg2 Bc5 5. d3 O-O 6. e3 Bb4 7. Bd2 Bxc3 8. Bxc3
d5 9. cxd5 Nxd5 10. Ne2 Be6 11. O-O Qd7 12. d4 exd4 13. Nxd4 Nxd4 14. Qxd4 Nxc3
15. Qxc3 c6 16. a4 Rad8 17. Qc5 a6 18. b4 Bh3 19. Bxh3 Qxh3 20. Qb6 Rd6 21. Ra2
Qd7 22. Rb2 Rd8 23. h4 Rh6 24. Rbb1 Rd6 25. Rb2 Re8 26. Rfb1 Rd8 27. Rf1 Qc8 28.
Re2 Qd7 29. Rb2 Rd5 30. b5 axb5 31. axb5 cxb5 32. Rfb1 Qh3 33. Rf1 Qd7 34. Rfb1
Qc6 35. Qxc6 bxc6 36. Rc2 Rd1+ 37. Rxd1 Rxd1+ 38. Kg2 Rd6 39. Kf3 Kf8 40. Ke4
Ke7 41. f4 Kd7 42. g4 Rd5 43. f5 Kd6 44. h5 h6 45. Kf4 b4 46. e4 Rd4 47. Ke3 c5
48. g5 hxg5 49. f6 gxf6 50. h6 Kc6 51. Rd2 b3 52. h7 b2 1/2-1/2

[Event "Indywidualne Mistrzostwa Polski Juniorow Mlodszych do 14 lat OOM Podlaskie 2015 "]
[Site "Suwalki"]
[Date "1899-12-30"]
[Round "9.11"]
[White "Ochowicz, Jakub"]
[Black "Kaminski, Maciej"]
[Result "1-0"]
[WhiteTitle "I"]
[BlackTitle "II+"]
[WhiteElo "1927"]
[BlackElo "1600"]

1. e4 c5 2. Nf3 Nc6 3. d4 cxd4 4. Nxd4 e5 5. Nb5 a6 6. Nd6+ Bxd6 7. Qxd6 Qf6 8.
Qd1 Qg6 9. Nc3 Nge7 10. Be3 b5 11. Qd2 O-O 12. f3 Rd8 13. Bd3 d6 14. g4 Be6 15.
O-O-O Qf6 16. Rdf1 Nd4 17. g5 Qg6 18. f4 f5 19. gxf6 Qxf6 20. f5 b4 21. Bg5 bxc3
22. bxc3 Qf7 23. fxe6 Qxe6 24. cxd4 Qxa2 25. Qb4 Rdb8 26. Bc4+ Nd5 27. Bxa2 Rxb4
28. Bxd5+ 1-0

[Event "Indywidualne Mistrzostwa Polski Juniorow Mlodszych do 14 lat OOM Podlaskie 2015 "]
[Site "Suwalki"]
[Date "1899-12-30"]
[Round "9.12"]
[White "Modlich, Piotr"]
[Black "Golenia, Jan"]
[Result "1/2-1/2"]
[WhiteTitle "II+"]
[BlackTitle "I"]
[WhiteElo "1665"]
[BlackElo "1725"]

1. e4 c5 2. Nf3 Nc6 3. d4 cxd4 4. Nxd4 Nf6 5. Nc3 e5 6. Ndb5 d6 7. Bg5 a6 8. Na3
b5 9. Nd5 Be7 10. Bxf6 gxf6 11. c4 b4 12. Nc2 Rb8 13. b3 f5 14. exf5 Bxf5 15.
Bd3 Bg6 16. Bxg6 hxg6 17. Nxe7 Qxe7 18. Qd5 Qd7 19. Rd1 Rd8 20. O-O Rh5 21. Qe4
f5 22. Qf3 Ke7 23. Rfe1 Rdh8 24. h3 g5 25. c5 g4 26. Qg3 d5 27. Rxe5+ Nxe5 28.
Qxe5+ Qe6 29. Qg7+ Kd8 30. Qb7 f4 31. Nxb4 R8h7 32. Qa8+ Ke7 33. Nxd5+ Rxd5 34.
Qxd5 Qxd5 35. Rxd5 gxh3 36. gxh3 Rxh3 37. Rd6 Rc3 38. Rxa6 Rxc5 39. Kg2 Rc3 40.
Ra4 Rc2 41. Kf3 Ke6 42. Kxf4 Rxf2+ 43. Ke3 Rh2 44. Kd3 Kd5 45. Ra5+ Kc6 46. Kc3
Kb6 47. b4 Rh3+ 48. Kb2 Rd3 49. a3 Rg3 50. Rc5 Rh3 51. Rc3 Rh4 52. Kb3 Rg4 53.
Rh3 Rg6 54. a4 Rf6 55. a5+ Ka6 56. Ka4 Rf4 57. Rh6+ Ka7 58. Rh5 Ka6 59. Rc5 Rh4
60. Rc6+ Kb7 61. Kb5 Rxb4+ 62. Kxb4 1/2-1/2

[Event "Indywidualne Mistrzostwa Polski Juniorow Mlodszych do 14 lat OOM Podlaskie 2015 "]
[Site "Suwalki"]
[Date "1899-12-30"]
[Round "9.13"]
[White "Leskiewicz, Ignacy"]
[Black "Polczyk, Mikolaj"]
[Result "0-1"]
[WhiteTitle "I"]
[BlackTitle "I"]
[WhiteElo "1692"]
[BlackElo "1571"]

1. e4 Nf6 2. e5 Nd5 3. d4 d6 4. c4 Nb6 5. f4 dxe5 6. fxe5 Nc6 7. Be3 Bf5 8. Nc3
e6 9. Nf3 Bg4 10. Be2 Bb4 11. O-O Qd7 12. a3 Be7 13. Nd2 Bxe2 14. Nxe2 f6 15.
exf6 Bxf6 16. Ne4 Nxc4 17. Nxf6+ gxf6 18. Bh6 O-O-O 19. Rxf6 Rhe8 20. Qc2 Nd6
21. Rd1 Nf5 22. Qa4 Ncxd4 23. Qxd7+ Rxd7 24. Nxd4 Nxd4 25. Rdf1 b6 26. Rf7 Red8
27. Rxd7 Rxd7 28. Rf8+ Kb7 29. Kf2 c5 30. Be3 Kc6 31. g4 Kd5 32. h4 Rg7 33. Bg5
e5 34. Ke3 Ne6 35. Rf5 Nxg5 36. hxg5 c4 37. a4 a6 38. Rf6 Rg6 39. Kf2 Rxf6+ 40.
gxf6 Ke6 41. g5 b5 42. axb5 axb5 43. Ke3 b4 44. Kd2 h6 45. gxh6 Kxf6 46. b3 c3+
0-1

[Event "Indywidualne Mistrzostwa Polski Juniorow Mlodszych do 14 lat OOM Podlaskie 2015 "]
[Site "Suwalki"]
[Date "1899-12-30"]
[Round "9.14"]
[White "Banach, Jakub"]
[Black "Wierzbicki, Michal"]
[Result "1/2-1/2"]
[WhiteTitle "II"]
[BlackTitle "I"]
[WhiteElo "1392"]
[BlackElo "1687"]

1. e4 e6 2. d4 d5 3. exd5 exd5 4. Bd3 Bd6 5. Nf3 Ne7 6. O-O Bg4 7. Re1 Nbc6 8.
c3 Qd7 9. Na3 O-O-O 10. Nb5 f6 11. Nxd6+ Qxd6 12. b4 Ng6 13. a4 Nh4 14. Be2 Bxf3
15. Bxf3 Rde8 16. Be3 Kb8 17. a5 Ne7 18. b5 Nc8 19. g3 Nxf3+ 20. Qxf3 g5 21. a6
Nb6 22. axb7 Kxb7 23. Ra6 c6 24. Rea1 Ra8 25. Qh5 Rhc8 26. Qxh7+ Rc7 27. Qd3 cxb5
28. h4 gxh4 29. Bf4 Qc6 30. Bxc7 Qxc7 31. g4 Qd7 32. Qf3 Qg7 33. Kg2 Qg5 34. Kh3
Qg7 35. Qf5 Qe7 36. Kxh4 Rh8+ 37. Kg3 Qc7+ 38. Kg2 Qh2+ 39. Kf3 Qh3+ 40. Kf4 Qh2+
41. Kf3 1/2-1/2

[Event "Indywidualne Mistrzostwa Polski Juniorow Mlodszych do 14 lat OOM Podlaskie 2015 "]
[Site "Suwalki"]
[Date "1899-12-30"]
[Round "9.15"]
[White "Godzwon, Iwo"]
[Black "Pacan-milej, Kosma"]
[Result "0-1"]
[WhiteTitle "I"]
[BlackTitle "I"]
[WhiteElo "1801"]
[BlackElo "1842"]

1. e4 c5 2. Nf3 d6 3. d4 cxd4 4. Nxd4 Nf6 5. Nc3 a6 6. f3 e5 7. Nb3 Be6 8. Be3
Nbd7 9. Qd2 Be7 10. O-O-O b5 11. Nd5 Bxd5 12. exd5 Nb6 13. Bxb6 Qxb6 14. Na5 O-O
15. Nc6 Bd8 16. Kb1 a5 17. g3 Qc5 18. Bg2 Nd7 19. Rhe1 b4 20. Qe3 Qxe3 21. Rxe3
Bg5 22. Re2 Nb6 23. h4 Bf6 24. Bh3 Na4 25. Re4 g6 26. Bf1 Bg7 27. Bb5 f5 28. Re2
Nc5 29. Bd3 h5 30. Rg1 Kh7 31. Kc1 Bf6 32. Bc4 Rf7 33. Rh2 e4 34. f4 Na4 35. c3
bxc3 36. b3 Nb6 37. Kc2 Rb7 38. Rb1 Kg7 39. Rhh1 Kf7 40. Rhd1 Nxc4 41. bxc4 Rb2+
42. Rxb2 cxb2 43. Rb1 Ke8 44. Kb3 Kd7 45. Kc2 Kc7 46. Rxb2 Bxb2 47. Kxb2 Re8 48.
Nd4 e3 49. Ne2 Re4 50. Kc2 Kb6 51. Kd3 Kc5 52. a3 a4 53. Nc3 Rxc4 54. Nd1 Re4
55. Nxe3 Rxe3+ 56. Kxe3 Kxd5 57. Kd3 Kc5 58. Kc3 d5 0-1

[Event "Indywidualne Mistrzostwa Polski Juniorow Mlodszych do 14 lat OOM Podlaskie 2015 "]
[Site "Suwalki"]
[Date "1899-12-30"]
[Round "9.16"]
[White "Pytel, Maciej"]
[Black "Modlich, Kacper"]
[Result "1-0"]
[WhiteTitle "I"]
[BlackTitle "II+"]
[WhiteElo "1821"]
[BlackElo "1626"]

1. e4 c5 2. Nf3 d6 3. d4 cxd4 4. Nxd4 Nf6 5. Nc3 a6 6. Bg5 e6 7. f4 Be7 8. Qf3
Qc7 9. O-O-O Nbd7 10. g3 h6 11. Bxf6 Bxf6 12. Bh3 Qb6 13. Nb3 Nc5 14. Rhe1 Bd7
15. e5 Bc6 16. Rxd6 Be7 17. Qg4 Bxd6 18. Qxg7 O-O-O 19. exd6 Nxb3+ 20. axb3 Rdf8
21. Kb1 Qd8 22. Qe5 Qd7 23. f5 f6 24. Qc5 e5 25. Rd1 Kb8 26. b4 Rc8 27. Qf2 Rhd8
28. Bf1 Qf7 29. Qb6 Qf8 30. b5 Rxd6 31. Rxd6 Qxd6 32. bxc6 Rxc6 33. Qf2 Qb4 34.
Na2 Qg4 35. Be2 Qa4 36. Bh5 Rd6 37. Nc3 Qd7 38. Kc1 Rd4 39. Be2 Qg7 40. h4 Qd7
41. Bd3 Qc6 42. Qe3 Qh1+ 43. Nd1 Ra4 44. Be2 Qe4 45. Qd3 Rd4 46. Qa3 Ka7 47. Qe3
Qd5 48. c3 Qc5 49. Qxh6 Rd6 50. Kc2 Qa5 51. Qe3+ b6 52. Nf2 Qa4+ 53. Kb1 Rd5 54.
Nd3 e4 55. Nb4 1-0

[Event "Indywidualne Mistrzostwa Polski Juniorow Mlodszych do 14 lat OOM Podlaskie 2015 "]
[Site "Suwalki"]
[Date "1899-12-30"]
[Round "9.17"]
[White "Gaj, Szymon"]
[Black "Butyrowski, Marcel"]
[Result "1-0"]
[WhiteTitle "I"]
[BlackTitle "II"]
[WhiteElo "1884"]
[BlackElo "1514"]

1. d4 d5 2. c4 e6 3. Nc3 c6 4. Nf3 Nf6 5. e3 Nbd7 6. Bd3 Bd6 7. e4 dxe4 8. Nxe4
Nxe4 9. Bxe4 Nf6 10. Bc2 O-O 11. O-O Re8 12. Bg5 Be7 13. Qd3 g6 14. Rad1 b6 15.
Ne5 Bb7 16. Qh3 Nd7 17. Nxf7 Qc7 18. Bxg6 Nf8 19. Nh6+ Kg7 20. Bxe8 Rxe8 21. Bxe7
Qxe7 22. Ng4 Ng6 23. Qh6+ Kg8 24. Ne5 Nxe5 25. dxe5 c5 26. Rd3 Be4 27. Rg3+ Bg6
28. Rxg6+ hxg6 29. Qxg6+ Kh8 30. Rd1 Rd8 31. Rxd8+ Qxd8 32. Qf6+ 1-0

[Event "Indywidualne Mistrzostwa Polski Juniorow Mlodszych do 14 lat OOM Podlaskie 2015 "]
[Site "Suwalki"]
[Date "1899-12-30"]
[Round "9.18"]
[White "Mietkiewicz, Jacek"]
[Black "Zolkiewski, Jakub"]
[Result "1/2-1/2"]
[WhiteTitle "II+"]
[BlackTitle "II"]
[WhiteElo "1505"]
[BlackElo "1609"]

1. d4 d5 2. c4 e6 3. Nc3 c6 4. Nf3 f5 5. Bf4 Nf6 6. e3 Bd6 7. Bg5 O-O 8. Be2 Qe8
9. Ne5 Nbd7 10. f4 Be7 11. O-O Nxe5 12. dxe5 Ne4 13. Bxe7 Nxc3 14. bxc3 Qxe7 15.
cxd5 exd5 16. c4 Be6 17. cxd5 Bxd5 18. Bf3 Rfd8 19. Qc2 Bxf3 20. Rxf3 Qe6 21.
e4 fxe4 22. Qxe4 Rd5 23. Re1 Re8 24. Qa4 a6 25. f5 Qe7 26. e6 Qc5+ 27. Kh1 Rxf5
28. Rxf5 Qxf5 29. Qb3 Re7 30. h3 h6 31. a3 Kh7 32. Qc4 Kh8 33. a4 Qd5 34. Qg4
Kh7 35. Re4 Qg5 36. Qe2 Qc1+ 37. Kh2 Qc5 38. Qd3 Qf5 39. Qe2 Qc5 40. Qd3 Qf5 41.
Qe2 Qc5 42. Qd3 g6 43. Qd8 Kg7 44. Re2 b5 45. axb5 cxb5 46. Qd3 a5 47. Qe4 b4
48. Re3 Qc7+ 49. Rg3 g5 50. Qd4+ Kh7 51. Qe4+ Kg7 1/2-1/2

[Event "Indywidualne Mistrzostwa Polski Juniorow Mlodszych do 14 lat OOM Podlaskie 2015 "]
[Site "Suwalki"]
[Date "1899-12-30"]
[Round "9.19"]
[White "Ulatowski, Jakub"]
[Black "Jagura, Norbert"]
[Result "1/2-1/2"]
[WhiteTitle "II"]
[BlackTitle "II"]
[WhiteElo "1511"]
[BlackElo "1387"]

1. e4 e6 2. d4 d5 3. Nd2 Nf6 4. e5 Nfd7 5. Bd3 c5 6. c3 Nc6 7. Ne2 cxd4 8. cxd4
f6 9. exf6 Nxf6 10. O-O Bd6 11. Nf3 O-O 12. Bf4 Bxf4 13. Nxf4 Qd6 14. g3 Bd7 15.
Re1 Rae8 16. a3 e5 17. dxe5 Nxe5 18. Nxe5 Rxe5 19. Rxe5 Qxe5 20. Qd2 Re8 21. Rd1
g5 22. Ng2 Bc6 23. Re1 Ne4 24. Bxe4 dxe4 25. Ne3 Qf6 26. Ng4 Qg7 27. Qd6 Rf8 28.
Qe6+ Kh8 29. Qe5 Re8 30. Qxg7+ Kxg7 31. Ne3 Rd8 32. Rd1 Rxd1+ 33. Nxd1 Kf6 34.
Kf1 Bd7 35. Nc3 Ke5 36. Ke2 Bc6 37. Ke3 a6 38. b4 b5 39. g4 Bd5 40. a4 Bc6 41.
axb5 axb5 42. h3 h5 43. Ne2 Be8 44. Nd4 Bd7 1/2-1/2

[Event "Indywidualne Mistrzostwa Polski Juniorow Mlodszych do 14 lat OOM Podlaskie 2015 "]
[Site "Suwalki"]
[Date "1899-12-30"]
[Round "9.20"]
[White "Gozdzicki, Maciej"]
[Black "Fus, Jakub"]
[Result "0-1"]
[WhiteTitle "II"]
[BlackTitle "II+"]
[WhiteElo "1443"]
[BlackElo "1821"]

1. e4 e6 2. d4 d5 3. Nd2 c5 4. c3 Nc6 5. Bb5 a6 6. Bxc6+ bxc6 7. Ne2 Nf6 8. e5
Nd7 9. O-O Be7 10. Kh1 O-O 11. f4 f6 12. Nf3 Qc7 13. Qc2 cxd4 14. Nexd4 Nc5 15.
exf6 Bxf6 16. Be3 Ne4 17. Nd2 Nxd2 18. Qxd2 c5 19. Nb3 Be7 20. Qf2 c4 21. Nd4
e5 22. Ne2 Rb8 23. Ng3 Bd6 24. Qd2 Bb7 25. Ne2 Rbe8 26. fxe5 Bxe5 27. Bf4 Bxf4
28. Rxf4 Rxf4 29. Nxf4 Qe5 30. Kg1 h6 31. g3 Qe4 32. Ng2 Qe2 33. Qxe2 Rxe2 34.
b3 Rc2 35. Rb1 d4 36. Ne1 Rxc3 37. bxc4 Be4 38. Rb8+ Kf7 39. Kf2 Rxc4 40. Rb3
a5 41. Nf3 Rc2+ 42. Kg1 Bxf3 43. Rxf3+ Kg6 44. Ra3 Kf5 45. Rxa5+ Ke4 46. h3 d3
47. Kf1 Ke3 48. Ra3 Kd2 49. g4 Rc3 50. Ra8 Kc1 51. Rd8 d2 52. Ke2 Rc2 0-1

[Event "Indywidualne Mistrzostwa Polski Juniorow Mlodszych do 14 lat OOM Podlaskie 2015 "]
[Site "Suwalki"]
[Date "1899-12-30"]
[Round "9.21"]
[White "Gorecki, Mateusz"]
[Black "Stanowski, Mateusz"]
[Result "0-1"]
[WhiteTitle "II"]
[BlackTitle "II"]
[WhiteElo "1529"]
[BlackElo "1401"]

1. e4 e5 2. Nf3 Nc6 3. Bc4 Bc5 4. c3 Nf6 5. d4 exd4 6. e5 d5 7. Be2 Ne4 8. cxd4
Bb4+ 9. Bd2 Qe7 10. O-O Bxd2 11. Nbxd2 Nxd2 12. Qxd2 O-O 13. Rac1 a6 14. Rfe1
h6 15. a3 Be6 16. Bd1 f5 17. Re3 Nd8 18. Rec3 c6 19. Ne1 g5 20. Nd3 f4 21. Nc5
Bf5 22. Bc2 Bxc2 23. Qxc2 Qf7 24. Re1 Ne6 25. Rb3 Nxd4 26. Qd1 Nxb3 27. Qxb3 Rab8
28. e6 Qe7 29. Nd7 Rbd8 30. Nxf8 Rxf8 31. Qc3 Qd6 32. h3 d4 33. Qc4 b5 34. Qb3
Re8 35. e7+ Kg7 36. Qe6 Qxe6 37. Rxe6 c5 38. Kf1 c4 39. Rxa6 Rxe7 40. Rd6 d3 41.
b3 Re2 42. bxc4 bxc4 43. Rd4 Ra2 44. f3 c3 45. Rc4 c2 46. Ke1 Ra1+ 47. Kd2 Rd1+
0-1

[Event "Indywidualne Mistrzostwa Polski Juniorow Mlodszych do 14 lat OOM Podlaskie 2015 "]
[Site "Suwalki"]
[Date "1899-12-30"]
[Round "9.22"]
[White "Wloch, Mikolaj"]
[Black "Marciniak, Piotr"]
[Result "0-1"]
[WhiteTitle "I"]
[BlackTitle "III"]
[WhiteElo "1564"]
[BlackElo "1297"]

1. d4 d5 2. c4 dxc4 3. Nc3 Nf6 4. e3 e6 5. Bxc4 c5 6. Nf3 cxd4 7. Qxd4 Qxd4 8.
Nxd4 a6 9. O-O Be7 10. a3 b5 11. Bb3 e5 12. Nf3 Nbd7 13. Nd5 Nxd5 14. Bxd5 Rb8
15. Bc6 f6 16. Rd1 Rb6 17. Bd5 Rd6 18. e4 Nb6 19. Be3 Nxd5 20. Rxd5 Rxd5 21. exd5
Bb7 22. Rd1 O-O 23. Bb6 Bd8 24. Bc5 Rf7 25. Ne1 Rc7 26. b4 Rd7 27. d6 Bc7 28.
Nc2 Bb8 29. Ne3 g6 30. Ng4 Kf7 31. f3 Ke6 32. Nf2 Bxd6 33. Nd3 Kf7 34. Nxe5+ fxe5
35. Rxd6 Rxd6 36. Bxd6 Ke6 37. Bf8 e4 38. f4 Kd5 39. Bg7 Kc4 40. Bb2 Kd3 41. Kf1
Kd2 42. Bd4 e3 43. Bc5 0-1

[Event "Indywidualne Mistrzostwa Polski Juniorow Mlodszych do 14 lat OOM Podlaskie 2015 "]
[Site "Suwalki"]
[Date "1899-12-30"]
[Round "9.23"]
[White "Rak, Maciej"]
[Black "Jobda, Rafal"]
[Result "1/2-1/2"]
[WhiteTitle "II"]
[BlackTitle "II"]
[WhiteElo "1476"]
[BlackElo "1640"]

1. f4 d5 2. Nf3 Nf6 3. g3 Bg4 4. Bg2 Bxf3 5. Bxf3 e6 6. O-O Bc5+ 7. d4 Bb6 8. e3
Nbd7 9. Nd2 c6 10. c3 Bc7 11. e4 dxe4 12. Nxe4 Nxe4 13. Bxe4 Nf6 14. Bg2 O-O 15.
Bd2 Qd7 16. Qc2 Bb6 17. Rae1 Rad8 18. Bc1 Rfe8 19. Kh1 Bc7 20. Bf3 Nd5 21. Re2
Re7 22. Rfe1 Rde8 23. Be4 h6 24. Bf3 Nf6 25. Be3 Bb6 26. Bf2 Nd5 27. a3 Nf6 28.
Kg2 Nh7 29. Qe4 Nf6 30. Qc2 Nh7 31. Kg1 Nf6 32. f5 exf5 33. Rxe7 Rxe7 34. Rxe7
Qxe7 35. Qxf5 Qe8 36. b4 a6 37. a4 Qe6 38. Qxe6 fxe6 39. c4 Kf7 40. b5 axb5 41.
axb5 cxb5 42. cxb5 Nd5 1/2-1/2